Click a Prefix Quiz Stats

Quiz Updated Jan 2, 2018

Also try: Click A Suffix
Challenge
Share
Tweet
Embed
Score 0/60 Timer 09:00
4 Plays Today
% Correct
anti
84.2%
tri
83.9%
im
83.3%
oct
83.3%
bi
82.1%
post
82%
extra
82%
un
81.1%
micro
80.7%
under
80.6%
sub
80.6%
ab
80.5%
meta
80.3%
mega
79.7%
non
79.7%
para
79.6%
an
79.2%
ambi
78.8%
mono
78.7%
semi
78.6%
ultra
78.6%
homo
78.5%
poly
78.4%
cent
78.3%
photo
77.6%
pro
76.1%
audi
76.1%
be
75.8%
bio
75.5%
equi
75.4%
% Correct
proto
74.9%
dia
74.8%
pre
74.8%
thermo
74.7%
omni
74.4%
eu
74.1%
syn
73.9%
ex
73.7%
multi
73.7%
mis
73.5%
ortho
73.5%
super
73.2%
inter
73.2%
dys
72.3%
bene
71.8%
pan
71.3%
tele
71.2%
trans
70.6%
per
70.3%
mal
70.1%
auto
69.8%
phon
67.9%
circum
67.3%
cycl
67.2%
retro
67.2%
amb
66.9%
dyn
66.7%
intra
66.3%
ad
65.3%
con
62.4%

You're not logged in!

Compare scores with friends on all Sporcle quizzes.
Join for Free
OR
Log In

You Might Also Like...

Show Comments

Extras

Top Quizzes Today


Score Distribution

Your Account Isn't Verified!

In order to create a playlist on Sporcle, you need to verify the email address you used during registration. Go to your Sporcle Settings to finish the process.

Report this User

Report this user for behavior that violates our Community Guidelines.

Details: